Lab Manual to Accompany Health Assessment in Nursing / (Record no. 15236)
[ view plain ]
| 000 -LEADER | |
|---|---|
| fixed length control field | 01241cam a22003378a 4500 |
| 001 - CONTROL NUMBER | |
| control field | 15815671 |
| 005 - DATE AND TIME OF LATEST TRANSACTION | |
| control field | 20100219095604.0 |
| 008 - FIXED-LENGTH DATA ELEMENTS--GENERAL INFORMATION | |
| fixed length control field | 090713s2007 pau |db 001 0 eng |
| 020 ## - INTERNATIONAL STANDARD BOOK NUMBER | |
| International Standard Book Number | 0781791189 |
| 020 ## - INTERNATIONAL STANDARD BOOK NUMBER | |
| International Standard Book Number | 9780781791182 |
| 035 ## - SYSTEM CONTROL NUMBER | |
| System control number | (DNLM)101510482 |
| 040 ## - CATALOGING SOURCE | |
| Original cataloging agency | DNLM/DLC |
| Transcribing agency | DLC |
| 042 ## - AUTHENTICATION CODE | |
| Authentication code | pcc |
| 050 00 - LIBRARY OF CONGRESS CALL NUMBER | |
| Classification number | RT48 |
| Item number | .W43 2010 |
| 060 10 - NATIONAL LIBRARY OF MEDICINE CALL NUMBER | |
| Classification number | WY 100.4 |
| Item number | W374h 2010 |
| 082 00 - DEWEY DECIMAL CLASSIFICATION NUMBER | |
| Classification number | 610.73 |
| Edition number | 22 |
| Item number | WEB |
| 100 1# - MAIN ENTRY--PERSONAL NAME | |
| Personal name | Weber, Janet. |
| 9 (RLIN) | 12180 |
| 245 10 - TITLE STATEMENT | |
| Title | Lab Manual to Accompany Health Assessment in Nursing / |
| Statement of responsibility, etc | Janet Weber, Jane H. Kelley. |
| 250 ## - EDITION STATEMENT | |
| Edition statement | 4th ed. |
| 260 ## - PUBLICATION, DISTRIBUTION, ETC. (IMPRINT) | |
| Place of publication, distribution, etc | Philadelphia : |
| Name of publisher, distributor, etc | Wolters Kluwer Health/Lippincott Williams & Wilkins, 2007 |
| Date of publication, distribution, etc | c2007 |
| 300 ## - PHYSICAL DESCRIPTION | |
| Extent | 349 p. : |
| Other physical details | col. ill.; |
| Dimensions | 27 cm. |
| 504 ## - BIBLIOGRAPHY, ETC. NOTE | |
| Bibliography, etc | Includes bibliographical references and index. |
| 650 #0 - SUBJECT ADDED ENTRY--TOPICAL TERM | |
| Topical term or geographic name as entry element | Nursing assessment. |
| 9 (RLIN) | 12181 |
| 650 12 - SUBJECT ADDED ENTRY--TOPICAL TERM | |
| Topical term or geographic name as entry element | Nursing Assessment |
| General subdivision | methods. |
| 9 (RLIN) | 12182 |
| 653 ## - INDEX TERM--UNCONTROLLED | |
| Resource For college | |
| Arrived date list | April2011 |
| 700 1# - ADDED ENTRY--PERSONAL NAME | |
| Personal name | Kelley, Jane, |
| Dates associated with a name | 1944- |
| 9 (RLIN) | 12183 |
| 700 1# - ADDED ENTRY--PERSONAL NAME | |
| Personal name | Sprengel, Ann |
| Dates associated with a name | 1944- |
| 9 (RLIN) | 23567 |
| 942 ## - ADDED ENTRY ELEMENTS (KOHA) | |
| Source of classification or shelving scheme | Dewey Decimal Classification |
| Item type | |
| Withdrawn status | Item status | Source of classification or shelving scheme | Damaged status | Not for loan | Vendor | Home library | Current library | Shelving location | Date acquired | Source of acquisition | Cost, normal purchase price | Serial Enumeration / chronology | Total Checkouts | Total Renewals | Full call number | Barcode | Date last seen | Date last borrowed | Koha item type |
|---|---|---|---|---|---|---|---|---|---|---|---|---|---|---|---|---|---|---|---|
| Dewey Decimal Classification | Academic Bookshop | Central Library | Central Library | First floor | 03/05/2011 | 140.00 | 2065 | 8 | 9 | 610.73 WEB | 000023517 | 15/07/2025 | 11/10/2018 | Book - Borrowing |